00531nam a2200193Ia 450000500170000000800410001702000180005808200130007610000140008924500190010326000450012230000130016765000130018065000100019365000140020394200060021795200990022399900150032220250323110557.0240331s9999 xx 000 0 und d a9789551810191 bNEEa894 aNeervai,P 0aNinaivalaigal  aColombobPoobalasingaham Book shopc2012 a355 p ., aArshiyal akalai aIllakiyam cL 001040708LaWERCLbWERCLcSSCd2024-03-31l0o 894.811 NEEp6805r2024-03-31w2024-03-31yL c5814d5814